| 000 | 00758nam a2200265 i 4500 | ||
|---|---|---|---|
| 001 | 803175 | ||
| 003 | OSt | ||
| 005 | 20230619110317.0 | ||
| 008 | 750129s1974 enka b 000 0 eng | ||
| 010 | _a 75300925 | ||
| 015 | _aGB74-24561 | ||
| 020 |
_a0177111216 : _c£3.00. _a0177121211 |
||
| 040 |
_aDLC _cDLC _dDLC |
||
| 050 | 0 | 0 |
_aHM51 _b.M35 1974b |
| 082 | 0 | 0 |
_a301/.01 _bMEN |
| 100 | 1 | _aMennell, Stephen. | |
| 245 | 1 | 0 |
_aSociological theory : _buses and unities / _cStephen Mennell. |
| 260 |
_aLondon : _bNelson, _c1974. |
||
| 300 |
_aviii, 189 p. : _bill. ; _c23 cm. |
||
| 504 | _aBibliography: p. [173]-184. | ||
| 650 | 0 | _aSociology. | |
| 650 | 0 |
_aSociology _xMethodology. |
|
| 906 |
_a7 _bcbc _corignew _d3 _encip _f19 _gy-gencatlg |
||
| 942 |
_2ddc _cBK |
||
| 999 |
_c1231 _d1231 |
||